00692nam a22002297a 4500003000900000001000800009007000300017008003600020090001500056942000700071040003800078245011800116300001100234955000600245041000800251080000900259260002100268246001900289650000800308999001900316952012700335UA-OsUOA 38994 ta20080303b un ||||| |||| 00| 0 ukr d a82-6bЖ74 cBK aUA-OsUOAbukrcUA-OsUOAdUA-OsUOA aЖиття - не просто існування. Листування Олекси Горбача (1946 - 1996) a59 с. a4 aukr a82-6 aЛьвівc200431aДодаток 72UDC c437504d437504 00102udc4070a300b300d2008-03-03e214/2009g1.00i2127872l0o82-6 Ж74p2127872r2019-09-15 00:00:00w2008-03-03yBK